Government Size in Czech Republic and Slovakia from Different Perspectives

Gespeichert in:
Bibliographische Detailangaben
1. Verfasser: Boór, Matej, 1988-
Format: Buchkapitel
Sprache:Englisch
Schlagworte:
Tags: Tag hinzufügen
Keine Tags, Fügen Sie das erste Tag hinzu!

MARC

LEADER 00000naa$a2200000$$$4500
001 0249806
005 20240502083712.2
041 0 |a eng 
044 |a CZ 
245 1 0 |a Government Size in Czech Republic and Slovakia from Different Perspectives  |c Matej Boór 
500 |a Abstrakt 
610 2 0 |a sektor verejný 
610 2 0 |a vláda 
610 2 0 |a rast hospodársky 
610 2 0 |a výdavky verejné 
610 2 0 |a príjmy 
610 2 0 |a Slovensko 
610 2 0 |a Česko 
100 1 |a Boór, Matej, 1988-